Bách khoa thư dành cho giới trẻ

Сохранить в:
Библиографические подробности
Главный автор: NGUYỄN TIẾN HÙNG
Формат:
Язык:Undetermined
Опубликовано: Lao Động 2001
Метки: Добавить метку
Нет меток, Требуется 1-ая метка записи!
Thư viện lưu trữ: Trung tâm Học liệu Trường Đại học Cần Thơ
LEADER 00512nam a2200145Ia 4500
001 CTU_48620
008 210402s9999 xx 000 0 und d
082 |a 030.9 
082 |b B102 
100 |a NGUYỄN TIẾN HÙNG 
245 0 |a Bách khoa thư dành cho giới trẻ 
245 0 |c NGUYỄN TIẾN HÙNG, Neil Ardley ...[et al.]; Dịch giả: Trần Cứu Quốc, Trần Thu Quế 
260 |b Lao Động 
260 |c 2001 
980 |a Trung tâm Học liệu Trường Đại học Cần Thơ